<?xml version="1.0" encoding="UTF-8"?>
<record
    xmlns:xsi="http://www.w3.org/2001/XMLSchema-instance"
    xsi:schemaLocation="http://www.loc.gov/MARC21/slim http://www.loc.gov/standards/marcxml/schema/MARC21slim.xsd"
    xmlns="http://www.loc.gov/MARC21/slim">

  <leader>00650cas a2200193  04500</leader>
  <controlfield tag="001">44906</controlfield>
  <datafield tag="021" ind1=" " ind2=" ">
    <subfield code="b">204341/03</subfield>
  </datafield>
  <datafield tag="090" ind1=" " ind2=" ">
    <subfield code="a">44906</subfield>
  </datafield>
  <datafield tag="100" ind1=" " ind2=" ">
    <subfield code="a">19940323a19229999km y0pory5003    ba</subfield>
  </datafield>
  <datafield tag="101" ind1="0" ind2=" ">
    <subfield code="a">por</subfield>
  </datafield>
  <datafield tag="102" ind1=" " ind2=" ">
    <subfield code="a">PT</subfield>
  </datafield>
  <datafield tag="200" ind1="1" ind2=" ">
    <subfield code="a">Estudos</subfield>
    <subfield code="e">revista do Centro Acad&#xE9;mico de Democracia Crist&#xE3;</subfield>
    <subfield code="f">Centro Acad&#xE9;mico de Democracia Crist&#xE3; </subfield>
    <subfield code="g">dir. Jos&#xE9; Augusto Vaz Pinto</subfield>
    <subfield code="g">dir. Jos&#xE9; Carlos Seabra Pereira</subfield>
  </datafield>
  <datafield tag="210" ind1=" " ind2="9">
    <subfield code="a">Coimbra</subfield>
    <subfield code="c">Centro Acad&#xE9;mico de Democracia Crist&#xE3; </subfield>
    <subfield code="d">1922-</subfield>
  </datafield>
  <datafield tag="215" ind1=" " ind2=" ">
    <subfield code="d">19 cm</subfield>
  </datafield>
  <datafield tag="675" ind1=" " ind2=" ">
    <subfield code="a">27-72(05)</subfield>
  </datafield>
  <datafield tag="702" ind1=" " ind2="1">
    <subfield code="a">Pinto,</subfield>
    <subfield code="b">Jos&#xE9; Augusto Vaz,</subfield>
    <subfield code="f">1903-?</subfield>
    <subfield code="4">300</subfield>
  </datafield>
  <datafield tag="712" ind1="0" ind2="2">
    <subfield code="a">Centro Acad&#xE9;mico de Democracia Crist&#xE3;</subfield>
  </datafield>
  <datafield tag="801" ind1=" " ind2="0">
    <subfield code="a">PT</subfield>
    <subfield code="b">BN</subfield>
    <subfield code="g">RPC</subfield>
  </datafield>
  <datafield tag="990" ind1=" " ind2=" ">
    <subfield code="c">LIVROS</subfield>
  </datafield>
  <datafield tag="995" ind1=" " ind2=" ">
    <subfield code="1">0</subfield>
    <subfield code="9">74677</subfield>
    <subfield code="b">BMR</subfield>
    <subfield code="c">BMR</subfield>
    <subfield code="f">055091</subfield>
    <subfield code="k">27-72(05) CEN</subfield>
    <subfield code="o">-1</subfield>
    <subfield code="r">PERIODICOS</subfield>
    <subfield code="u">Nova s&#xE9;rie n.&#xBA; 11,  2014</subfield>
  </datafield>
  <datafield tag="995" ind1=" " ind2=" ">
    <subfield code="1">0</subfield>
    <subfield code="9">74678</subfield>
    <subfield code="b">BMR</subfield>
    <subfield code="c">BMR</subfield>
    <subfield code="f">055092</subfield>
    <subfield code="k">27-72(05) CEN </subfield>
    <subfield code="o">-1</subfield>
    <subfield code="r">PERIODICOS</subfield>
    <subfield code="u">Nova s&#xE9;rie n.&#xBA; 13 , 2018</subfield>
  </datafield>
  <datafield tag="995" ind1=" " ind2=" ">
    <subfield code="1">0</subfield>
    <subfield code="9">74679</subfield>
    <subfield code="b">BMR</subfield>
    <subfield code="c">BMR</subfield>
    <subfield code="f">055093</subfield>
    <subfield code="k">27-72(05) CEN</subfield>
    <subfield code="o">-1</subfield>
    <subfield code="r">PERIODICOS</subfield>
    <subfield code="u">Nova s&#xE9;rie n.&#xBA; 12 , 2015</subfield>
  </datafield>
</record>
